Car Models 6 - Statistics

General Stats
  • This quiz has been taken 49 times
  • The average score is 8 of 16
Answer Stats
Picture Answer % Correct
Acura NSX
59%
Audi Quattro
59%
BMW Z8
59%
Mitsubishi Lancer EVO (IX)
59%
Smart Fortwo
54%
Ford Ranger
49%
Nissan Skyline GTR (R34)
49%
Lotus Evora
46%
Bentley Flying Spur
43%
Ferrari FXXK
43%
Honda Civic Type R
43%
Renault Megane RS
43%
Land Rover Evoque
41%
Pontiac Firebird
41%
Mercedes Benz 300SL
35%
Subaru Impreza WRX STI
30%
No matching quizzes found
Score Distribution
Percent of People with Each Score
Percentile by Number Answered
Your Score History
You have not taken this quiz